Dictamen y bases para el establecimiento de una colonia penitenciaria (Record no. 163151)

MARC details
000 -LEADER
campo de control de longitud fija 00941nam a2200145 i 4500
001 - NÚMERO DE CONTROL
campo de control 163151
003 - IDENTIFICADOR DE NÚMERO DE CONTROL
campo de control ES-MaACL
005 - FECHA Y HORA DE LA ÚLTIMA TRANSACCIÓN
campo de control 20230906212702.0
008 - DATOS DE LONGITUD FIJA--INFORMACIÓN GENERAL
campo de control de longitud fija 181003s1878 sp | |||||||| ||spa d
245 00 - MENCIÓN DEL TÍTULO
Título Dictamen y bases para el establecimiento de una colonia penitenciaria
Resto del título : formulados por la Comisión nombrada al efecto por la Excelentísima Diputación Provincial de Barcelona, con las modificaciones introducidas por esta Corporación al discutirlos y aprobarlos : presentados al Congreso Penitenciario Internacional de Estocolmo, por el delegado de la Excma. Diputación.
260 ## - PUBLICACIÓN, DISTRIBUCIÓN, ETC.
Lugar de publicación, distribución, etc. Barcelona :
Nombre del editor, distribuidor, etc. [s.n.],
Fecha de publicación, distribución, etc. 1878 (
Fabricante Imp. de la Renaixensa)
300 ## - DESCRIPCIÓN FÍSICA
Extensión 38 p. ;
Dimensiones 23 cm.
650 #4 - PUNTO DE ACCESO ADICIONAL DE MATERIA--TÉRMINO DE MATERIA
Término de materia o nombre geográfico como elemento de entrada Establecimientos penitenciarios-
Subdivisión geográfica Barcelona.
9 (RLIN) 141899
852 ## - LOCALIZACIÓN
Ubicación ES-MaACL
Número de control de estantería D-134(11)
Nota libre - Enc. hol.
-- .- Donativo Lastres
condición física - Ejemp. sin port.
Nota libre - Enc. en un vol. facticio, formando parte de la col. facticia "Estudios penitenciarios", folletos, 1
Holdings
Estatus retirado Estado de pérdida Fuente del sistema de clasificación o colocación Estado de daño No para préstamo Colección Biblioteca de origen Biblioteca actual Ubicación en estantería Fecha de adquisición Total de préstamos Signatura topográfica completa Código de barras Visto por última vez Precio de reemplazo Tipo de ítem Koha
    Clasificación decimal universal     Colección de folletos Biblioteca del Ateneo de Madrid Biblioteca del Ateneo de Madrid Sala Valle Inclán 17/01/2008   D-134(11) 901170964 23/02/2023 23/02/2023 Folleto